000 00548nam a22001817a 4500
005 20251108170904.0
008 250721s1999 xx 000 0 ara d
082 1 4 _a615.89/محم
100 1 _aالضناوي، محمد أمين
245 1 0 _aالضعف الجنسي و علاجة بالأعشاب /
264 1 _aبيروت :
_bدار اليوسف،
_c1999.
300 _a157ص
650 1 7 _aالطب الشعبي
650 1 7 _aالنباتات الطبية
650 1 7 _aالأعشاب الطبية
942 _2ddc
_cBK
999 _c51397
_d51397